Ghana (Record no. 38776)
[ view plain ]
| 000 -LEADER | |
|---|---|
| fixed length control field | 00629nam a2200157Ia 4500 |
| 022 ## - INTERNATIONAL STANDARD SERIAL NUMBER | |
| ISSN | PN 3000 .A358 W47/ |
| 050 ## - CALL MARK | |
| Classification number | West african theatre and performing arts journal (WATPAJO) |
| 245 #0 - TITLE STATEMENT | |
| Title | Ghana |
| 260 ## - PUBLICATION, DISTRIBUTION, ETC. (IMPRINT) | |
| Place of publication | Published by Dorcamos Tops Publishers Ltd for the Performing Arts Department, University of Ilorin, Nigeria, and Department of Theatre Studies, University of Cape Coast |
| 260 ## - PUBLICATION, DISTRIBUTION, ETC. (IMPRINT) | |
| Name of publisher | 2011 |
| 260 ## - PUBLICATION, DISTRIBUTION, ETC. (IMPRINT) | |
| Year of publication | viii, 141 p. ; 22 cm. |
| 300 ## - PHYSICAL DESCRIPTION | |
| Number of Pages | Theater--Africa, West--Periodicals. Performing arts--Africa, West--Periodicals. |
| 650 ## - SUBJECT ADDED ENTRY--TOPICAL TERM | |
| Topical Term | SR |
No items available.